| 000 | 00642nam a22001817a 4500 | ||
|---|---|---|---|
| 999 |
_c191155 _d191155 |
||
| 005 | 20220822115408.0 | ||
| 010 | _aENG-134522 | ||
| 020 |
_a9789351952794 _c599.00 |
||
| 035 | _aEN-118054 | ||
| 037 | _bDBAD/PUB | ||
| 082 | _a338.0954 | ||
| 100 | _aDamodaran, Harish | ||
| 245 |
_aIndia's New Capitalists: _bCaste, Business, And Industry in a Modern Nation/ _cHarish Damodaran |
||
| 260 |
_aGurugram _bHachette Book Publishing India Pvt. Ltd _c2017 |
||
| 270 |
_a4th & 5th Floors, Corporate Centre, Plot No. 94, Sector 44 _bGurugram _e122003 |
||
| 300 |
_axxxv, 425p. _bIndex _c20cm(pbk) |
||
| 942 |
_2ddc _cEN _h338.0954 _mDAM |
||